| 000 | 00459nam a2200169Ia 4500 | ||
|---|---|---|---|
| 999 |
_c28029 _d28029 |
||
| 003 | OSt | ||
| 005 | 20201124113559.0 | ||
| 008 | 190216s9999||||xx |||||||||||||| ||und|| | ||
| 040 | _coclc | ||
| 082 |
_a920 _bTHA/V |
||
| 100 |
_aTharamel, Umar _96888 |
||
| 245 | 0 |
_aVarayum Mozhiyum / _cUmar Tharamel |
|
| 260 |
_bMulberry Books, _aKozhikode: _c1997. |
||
| 300 | _a88p | ||
| 650 | _aPadanam | ||
| 942 |
_cBK _2ddc _h920 _iTHA/V _k920 _mTHA/V |
||